[Event "October Blitz"]
[Site "SchemingMind.com"]
[Date "2014.10.10"]
[Round "-"]
[White "John Hamer"]
[Black "William Lindberg"]
[Result "1/2-1/2"]
[WhiteCountry "ENG"]
[BlackCountry "USA"]
[WhiteElo "2039"]
[WhiteRD "55"]
[BlackElo "2123"]
[BlackRD "69"]
[GameID "366761"]

1. b3 e5 2. Bb2 Nc6 3. e3 Nf6 4. Bb5 Bd6 5. Nf3 e4 6. Bxc6 bxc6 7. Nd4 O-O 8. O-O g6 9. c4 c5 10. Nb5 Be7
11. d3 c6 12. N5a3 exd3 13. Qxd3 d5 14. Nd2 Re8 15. Rfe1 Be6 16. Nf3 Bf5 17. Qc3 a5 18. Rad1 a4 19. e4 d4 20. Qd3 Be6
21. Nc2 axb3 22. axb3 Ra2 23. Rb1 Nd7 24. b4 Bg4 25. Qb3 Qa8 26. Na3 Rxb2 27. Rxb2 cxb4 28. Nb1 Nc5 29. Qd1 Bxf3 30. Qxf3 Qa1
31. Rd2 Bd6 32. Rdd1 Be5 33. Qg4 d3 34. Nd2 Qc3 35. Qf3 b3 36. Qe3=
1/2-1/2

[Event "October Blitz"]
[Site "SchemingMind.com"]
[Date "2014.10.09"]
[Round "-"]
[White "michel"]
[Black "William Lindberg"]
[Result "1-0"]
[WhiteCountry "CAN"]
[BlackCountry "USA"]
[WhiteElo "2334"]
[WhiteRD "60"]
[BlackElo "2038"]
[BlackRD "76"]
[GameID "366763"]

1. e4 e5 2. Nf3 Nc6 3. d4 exd4 4. Nxd4 Bc5 5. Be3 Nf6 6. Nxc6 bxc6 7. Bxc5 d6 8. Bd4 O-O 9. Nc3 Rb8 10. Rb1 c5
11. Bxf6 Qxf6 12. Bc4 Rxb2 13. Nd5 Qe5 14. Rxb2 Qxb2 15. O-O Qe5 16. Qd3 c6 17. f4 Qe8 18. Ne3 Qe7 19. Rd1 Rd8 20. Bb3 Qh4
21. g3 Qe7 22. c3 a6 23. Ba4 Qc7 24. c4 Kh8 25. e5 d5 26. Bc2 g6 27. cxd5 cxd5 28. Nxd5 Qb7 29. Bb3 Be6 30. Qc2 Qa7
31. Bc4 Qb8 32. Ne3 Rxd1+ 33. Qxd1 Bxc4 34. Nxc4 Kg8 35. Nd6
1-0

[Event "October Blitz"]
[Site "SchemingMind.com"]
[Date "2014.10.09"]
[Round "-"]
[White "William Lindberg"]
[Black "michel"]
[Result "0-1"]
[WhiteCountry "USA"]
[BlackCountry "CAN"]
[WhiteElo "2038"]
[WhiteRD "76"]
[BlackElo "2334"]
[BlackRD "60"]
[GameID "366764"]

1. e4 d6 2. Nc3 Nf6 3. Nf3 e5 4. d4 Nbd7 5. Be2 Be7 6. O-O O-O 7. Qd3 exd4 8. Qxd4 Re8 9. h3 b6 10. Be3 Bb7
11. Qa4 a6 12. Nd2 b5 13. Qb3 Nc5 14. Qb4 Bc6 15. Qd4 Ng4 16. e5 Nxe3 17. Qxe3 Bf8 18. b4 Rxe5 19. Qg3 Rg5 20. Bg4 f5
21. f4 Rg6 22. bxc5 dxc5 23. Rad1 Qd4+ 24. Rf2 fxg4 25. hxg4 Rd6 26. Nf1 Qc4 27. Nd2 Qf7 28. Re1 Re8 29. Rxe8 Qxe8 30. Re2 Re6
31. Rxe6 Qxe6 32. f5 Qf6 33. Qe3 b4 34. Nd1 Bd5 35. Nb3 c4 36. Nd4 h6 37. Nf2 Bc5 38. Qe8+ Kh7 39. Nf3 Bc6 40. Qe5 Bxf2+
41. Kxf2 Bxf3 42. Qxf6 gxf6 43. Kxf3 a5 44. Ke4 a4 45. Kd4 c3 46. Kd3 c5 47. Kc4 Kg7 48. Kd3 Kf7 49. Kc4 Ke7 50. Kd3 Kd6
51. Kc4 Ke5 52. g3 Ke4 53. g5 hxg5 54. g4 Kf4 55. Kd3 Kxg4 56. Kc4 Kxf5 57. Kd3 g4 58. Ke3 Ke5 59. Ke2 Ke4 60. Kf2 c4
61. Ke2 b3 62. cxb3 cxb3 63. axb3 axb3
0-1

[Event "October Blitz"]
[Site "SchemingMind.com"]
[Date "2014.10.09"]
[Round "-"]
[White "Stephen Woodhouse"]
[Black "William Lindberg"]
[Result "0-1"]
[WhiteCountry "ENG"]
[BlackCountry "USA"]
[WhiteElo "1811"]
[WhiteRD "48"]
[BlackElo "2038"]
[BlackRD "76"]
[GameID "366765"]

1. e4 e5 2. Nf3 Nc6 3. d4 exd4 4. Nxd4 Nf6 5. Nc3 Bb4 6. Nxc6 bxc6 7. Bd3 O-O 8. O-O Re8 9. Bg5 h6 10. Bh4 Rb8
11. Qf3 Bd6 12. Bxf6 Qxf6 13. Qxf6 gxf6 14. Rae1 Rxb2 15. Rb1 Rb6 16. Rxb6 axb6 17. f4 Bc5+ 18. Kh1 d6 19. Na4 Bb4 20. Nb2 Bb7
21. Nc4 d5 22. exd5 cxd5 23. Nb2 Kg7 24. h4 Bc6 25. Nd1 Bd7 26. Nf2 Bd2 27. g3 Ra8 28. Rd1 Be3 29. Kg2 Rxa2 30. Re1 Bc5
31. Nd1 Bb4 32. Rf1 c5 33. Kf3 c4
0-1

[Event "October Blitz"]
[Site "SchemingMind.com"]
[Date "2014.10.09"]
[Round "-"]
[White "William Lindberg"]
[Black "Stephen Woodhouse"]
[Result "1-0"]
[WhiteCountry "USA"]
[BlackCountry "ENG"]
[WhiteElo "2038"]
[WhiteRD "76"]
[BlackElo "1811"]
[BlackRD "48"]
[GameID "366766"]

1. c4 e6 2. Nf3 f5 3. Nc3 Nf6 4. g3 d5 5. cxd5 exd5 6. Bg2 c6 7. O-O Bd6 8. d3 O-O 9. e4 fxe4 10. dxe4 Nxe4
11. Nxe4 dxe4 12. Qb3+ Kh8 13. Ng5 Qe7 14. Nxe4 Nd7 15. Bg5 Nf6 16. Bxf6 gxf6 17. Nxd6 Qxd6 18. Rfe1 Bd7 19. Rad1 Qc7 20. Re7 Rae8
21. Rexd7
1-0

[Event "October Blitz"]
[Site "SchemingMind.com"]
[Date "2014.10.10"]
[Round "-"]
[White "xarxziux"]
[Black "William Lindberg"]
[Result "0-1"]
[WhiteCountry "IRL"]
[BlackCountry "USA"]
[WhiteElo "1877"]
[WhiteRD "62"]
[BlackElo "2123"]
[BlackRD "69"]
[GameID "366767"]

1. Nf3 d5 2. g3 Nc6 3. d4 Bg4 4. Bg2 e6 5. O-O Nf6 6. c4 Bd6 7. Nc3 O-O 8. cxd5 Nxd5 9. e4 Nb6 10. Be3 Nc4
11. Qe2 Nxe3 12. Qxe3 Bxf3 13. Bxf3 e5 14. dxe5 Nxe5 15. Be2 Qe7 16. Nd5 Qe6 17. b3 c6 18. Nf4 Qe7 19. Rac1 Rad8 20. Rfd1 Ba3
21. Rxd8 Rxd8 22. Rd1 Rxd1+ 23. Bxd1 Qd6 24. Be2 Bc5 25. Qc1 Qd4 26. Qf1 Qxe4 27. Nd3 Bd4 28. Nxe5 Qxe5 29. a4 a6 30. Bf3 g6
0-1

[Event "October Blitz"]
[Site "SchemingMind.com"]
[Date "2014.10.09"]
[Round "-"]
[White "William Lindberg"]
[Black "xarxziux"]
[Result "1-0"]
[WhiteCountry "USA"]
[BlackCountry "IRL"]
[WhiteElo "2123"]
[WhiteRD "69"]
[BlackElo "1877"]
[BlackRD "62"]
[GameID "366768"]

1. e4 d6 2. Nc3 e5 3. Nf3 Nf6 4. d4 Nbd7 5. Be2 Be7 6. O-O O-O 7. Qd3 c6 8. h3 b5 9. a3 a5 10. Qe3 Bb7
11. Rd1 Qb8 12. dxe5 dxe5 13. Nh4 g6 14. Qg5 Re8 15. Nf5 Bf8 16. f3 Qc7 17. Be3 Re6 18. Nh6+ Kg7 19. a4 b4 20. Nb1 Ng8
21. Bc4 Rf6 22. Nxg8
1-0

[Event "October Blitz"]
[Site "SchemingMind.com"]
[Date "2014.10.10"]
[Round "-"]
[White "William Lindberg"]
[Black "David Perna-Fraser"]
[Result "1-0"]
[WhiteCountry "USA"]
[BlackCountry "CAN"]
[WhiteElo "2123"]
[WhiteRD "69"]
[BlackElo "2203"]
[BlackRD "58"]
[GameID "366769"]

1. e4 e5 2. Nf3 Nf6 3. Nc3 Bb4 4. Nxe5 O-O 5. Be2 Re8 6. Nf3 Bxc3 7. dxc3 Nxe4 8. O-O d5 9. c4 Be6 10. cxd5 Bxd5
11. Bf4 Qf6 12. Qxd5 Qxf4 13. Qxb7 Nd7 14. Qc6 Ne5 15. Nxe5 Qxe5 16. Bd3 Nf6 17. Rae1 Qxb2 18. Rxe8+ Rxe8 19. Qxc7 Qb8 20. Qxb8 Rxb8
21. c4 Kf8 22. Rc1 Ke7 23. c5 Kd7 24. Bc4 Ne4 25. Bxf7 Nxf2 26. Re1 Nd3 27. Rd1 Ke7 28. Rxd3 Kxf7 29. c6 Ke6 30. Rd7 Rb1+
31. Kf2 Rb2+ 32. Kf3 Rxa2 33. Rxg7 h5 34. h4 Ra4 35. c7 Rc4 36. Rh7 Rc5 37. g3 Rc3+ 38. Ke4 Rc5 39. Kd4 Rc1 40. Rh6+ Kd7
41. Rxh5 Rd1+ 42. Ke4 Kxc7 43. g4 Re1+ 44. Kf3 Rf1+ 45. Kg2 Rf7 46. Rh6 a5 47. Ra6 Rf4 48. Kg3 Ra4 49. g5 Ra1 50. g6 Kb7
51. Re6 a4 52. Re7+ Ka6 53. g7 Rg1+ 54. Kf2 Rg4 55. h5 a3 56. h6 a2 57. Re1
1-0

[Event "October Blitz"]
[Site "SchemingMind.com"]
[Date "2014.10.10"]
[Round "-"]
[White "David Perna-Fraser"]
[Black "William Lindberg"]
[Result "1/2-1/2"]
[WhiteCountry "CAN"]
[BlackCountry "USA"]
[WhiteElo "2156"]
[WhiteRD "66"]
[BlackElo "2038"]
[BlackRD "76"]
[GameID "366770"]

1. e4 e5 2. Nf3 Nc6 3. Bc4 Nf6 4. Ng5 d5 5. exd5 Na5 6. Bb5+ c6 7. dxc6 bxc6 8. Qf3 Be7 9. Bxc6+ Nxc6 10. Qxc6+ Bd7
11. Qf3 Rc8 12. Nc3 Bc6 13. Qf5 Bxg2 14. Rg1 Bb7 15. d3 Qc7 16. Bd2 g6 17. Qh3 O-O 18. O-O-O Bc5 19. Rgf1 Bd4 20. f4 e4
21. Rfe1 exd3 22. Qxd3 Bf2 23. Re5 h6 24. Nge4 Nxe4 25. Nxe4 Rfd8 26. Qc3 Qxc3 27. Bxc3 Be3+ 28. Bd2=
1/2-1/2

[Event "October Blitz"]
[Site "SchemingMind.com"]
[Date "2014.10.09"]
[Round "-"]
[White "William Lindberg"]
[Black "Ramesh Panwar"]
[Result "1/2-1/2"]
[WhiteCountry "USA"]
[BlackCountry "IND"]
[WhiteElo "2038"]
[WhiteRD "76"]
[BlackElo "2162"]
[BlackRD "60"]
[GameID "366771"]

1. e4 e5 2. Nf3 Nc6 3. Bc4 Bc5 4. O-O Nf6 5. Nc3 d6 6. d3 Bg4 7. h3 Bxf3 8. Qxf3 O-O 9. Ne2 Na5 10. Bb3 Re8
11. Ba4 Nc6 12. Bg5 Rb8 13. c3 b5 14. Bd1 d5 15. Ng3 dxe4 16. dxe4 h6 17. Bxf6 Qxf6 18. Qxf6 gxf6 19. b4 Bf8 20. a4 a6
21. axb5 axb5 22. Ra6 Nd8 23. Rxf6 Re6 24. Rf3 Ra6 25. Nh5 Be7 26. Rg3+ Kf8 27. f4 exf4 28. Nxf4 Bd6 29. Ng6+ Kg7 30. Nf4+=
1/2-1/2

[Event "October Blitz"]
[Site "SchemingMind.com"]
[Date "2014.10.09"]
[Round "-"]
[White "Ramesh Panwar"]
[Black "William Lindberg"]
[Result "1/2-1/2"]
[WhiteCountry "IND"]
[BlackCountry "USA"]
[WhiteElo "2162"]
[WhiteRD "60"]
[BlackElo "2038"]
[BlackRD "76"]
[GameID "366772"]

1. d4 Nf6 2. Nc3 d5 3. Nf3 Bf5 4. Bf4 e6 5. e3 Bd6 6. Bd3 Bxf4 7. exf4 Bg4 8. O-O O-O 9. h3 Bxf3 10. Qxf3 Qd6
11. Qe3 Nc6 12. a3 a6 13. Rfe1 Rfe8 14. Rad1 Ne7 15. Ne2 Qb6 16. Qe5 h6 17. b3 Nd7 18. Qe3 c5 19. dxc5 Qxc5 20. Qxc5 Nxc5
21. Nd4 g6 22. g4 Kg7 23. f5 exf5 24. gxf5 g5 25. Re3 Ng8 26. f6+ Kf8 27. Rf3 Ne4 28. Nf5 Rac8 29. Ng7 Re5 30. Bxe4 Nxf6
31. Rxf6 Kxg7 32. Rf5 Rxe4 33. Rdxd5 Rc7 34. c4 Rce7 35. Kg2 Re2 36. Rd6 Ra2 37. a4 Rb2 38. Rb6 Rbe2 39. Rff6 Rb2=
1/2-1/2